| 000 | 00509nam a2200181 i 4500 | ||
|---|---|---|---|
| 001 | 88031 | ||
| 003 | ES-MaACL | ||
| 005 | 20250717062046.0 | ||
| 007 | t| | ||
| 008 | 041230s1954 fr ||||1| fre d | ||
| 100 | 1 |
_aLafont, Robert. _969506 |
|
| 245 | 1 | 0 |
_aMistral ou l'illusion / _cRobert Lafont. |
| 260 |
_aParis : _bPlon, _c[1954] |
||
| 300 |
_aVIII, 352 p. ; _c20 cm. |
||
| 600 | 1 | 4 |
_aMistral, Frédéric, _d1830-1914 _981664 |
| 852 |
_aES-MaACL _jC-9142 _bR.37289 |
||
| 999 |
_c88031 _d88031 |
||